01359cam a2200349 a 45000010005000000030006000050050017000110080041000280100017000690200015000860200018001010400023001190500017001420820009001591000025001682450116001932600035003093000058003444400027004025000032004295000023004615050007004845200274004915210027007655210018007926500032008106500048008426500039008906500011009297000034009407000035009747025FISKH20250619090725.0940308s1994 nyua j 000 0 eng  a 94049003  a0590483277 a9780590483278 aDLCcDLCdDLCbeng aQC360 .L8513 a 535 aJeunesse, Gallimard 10aLight /ccreated by Gallimard Jeunesse, Jean-Pierre Verdet, and Gilbert Houbre ; illustrated by Gilbert Houbre. aNew York :bScholastic,c1994. a34 unnumbered pages : bcolor illustrations ; c19 cm 2aA first discovery book aTranslation of: La lumiere. a"Cartwheel books." aO  aExperience the beauty natural light provides--from a colorful rainbow to the amazing aurora borealis; learn about fluorescent plants and animals that actually glow, and see the impact electric light has had on our society. See through plastic pages change the pictures.8 a600 bLexile estimate 8 aO bRaz-Plus  0aLightxJuvenile literature. 0aMeteorological opticsxJuvenile literature. 0aAstrophysicsxJuvenile literature. 1aLight.1 aVerdet, Jean-Pierre.eAuthor 1 aHoubre, Gilbert.dillustrator